[Event "PRO League Stage"]
[Site "Chess.com INT"]
[Date "2017.02.11"]
[Round "5"]
[White "Abhishek, Kelkar"]
[Black "Arnold, Marc Tyler"]
[Result "1-0"]
[WhiteElo "2381"]
[BlackElo "2524"]
[PlyCount "177"]
[EventDate "2017.01.11"]
[EventType "team-swiss (rapid)"]
[EventRounds "7"]
[EventCountry "USA"]
[SourceTitle "CBM 176 Extra"]
[Source "ChessBase"]
[SourceDate "2017.03.02"]
[SourceVersion "1"]
[SourceVersionDate "2017.03.02"]
[SourceQuality "1"]
[WhiteTeam "Mumbai Movers"]
[BlackTeam "Montclair Sopranos"]
[WhiteTeamCountry "IND"]
[BlackTeamCountry "USA"]

1. d4 Nf6 2. c4 e6 3. Nf3 d5 4. Nc3 Bb4 5. Qa4+ Nc6 6. e3 0-0 7. Be2 Qe7 8. 0-0 Bd7 9. Qc2 dxc4 10. Bxc4 e5 11. d5 Na5 12. Be2 e4 13. Nd2 Rfe8 14. a3 Bxc3 15. Qxc3 b6 16. b4 Nb7 17. Bb2 Nd6 18. Rac1 Qf8 19. Qb3 Rac8 20. Ba6 Bb5 21. Bxc8 Bxf1 22. Bh3 Bd3 23. Rxc7 Re7 24. Rc6 Nfe8 25. a4 f5 26. g3 Qf7 27. b5 h5 28. Nf3 Bc4 29. Rxc4 Nxc4 30. Nd4 Nxb2 31. Qxb2 Qxd5 32. Nxf5 Re5 33. Nd4 Nd6 34. Qc3 Qc5 35. Qb3+ Kh7 36. Bd7 Qd5 37. Qb1 Qf7 38. Bc6 h4 39. f4 Re7 40. g4 g5 41. Nf3 Qc4 42. Nxg5+ Kg8 43. Qb2 Qd3 44. Qf6 Qxe3+ 45. Kg2 h3+ 46. Nxh3 Qf3+ 47. Kg1 Qxg4+ 48. Kf2 Qf3+ 49. Kg1 Qg4+ 50. Kf2 e3+ 51. Ke1 Rf7 52. Bd5 Qxh3 53. Qxd6 Kg7 54. Bxf7 Kxf7 55. Qd5+ Kf8 56. Qd6+ Kf7 57. Ke2 Qxh2+ 58. Kxe3 Qa2 59. Qd7+ Kf6 60. Qd4+ Kf5 61. Qe4+ Kg4 62. Qg6+ Kh4 63. f5 Qb3+ 64. Kf4 Qxa4+ 65. Ke5 Qxb5+ 66. Ke6 Qc6+ 67. Ke7 Qc7+ 68. Kf6 b5 69. Qg5+ Kh3 70. Kg6 b4 71. f6 Qc2+ 72. Kh6 b3 73. f7 Qc6+ 74. Kg7 Qd7 75. Qh5+ Kg3 76. Qg5+ Kh3 77. Qe3+ Kh4 78. Qxb3 a5 79. Qc4+ Kh3 80. Qf1+ Kh4 81. Qf4+ Kh3 82. Qh6+ Kg4 83. Kg8 Qd5 84. Qg6+ Kh4 85. Kg7 Qd7 86. Kh6 Qd2+ 87. Kh7 Qd7 88. Qg7 Qd3+ 89. Kh8 1-0

[Event "PRO League Stage"]
[Site "Chess.com INT"]
[Date "2017.02.11"]
[Round "5"]
[White "Vidit, Santosh Gujrathi"]
[Black "Arnold, Marc Tyler"]
[Result "1-0"]
[WhiteElo "2673"]
[BlackElo "2524"]
[PlyCount "73"]
[EventDate "2017.01.11"]
[EventType "team-swiss (rapid)"]
[EventRounds "7"]
[EventCountry "USA"]
[SourceTitle "CBM 176 Extra"]
[Source "ChessBase"]
[SourceDate "2017.03.02"]
[SourceVersion "1"]
[SourceVersionDate "2017.03.02"]
[SourceQuality "1"]
[WhiteTeam "Mumbai Movers"]
[BlackTeam "Montclair Sopranos"]
[WhiteTeamCountry "IND"]
[BlackTeamCountry "USA"]

1. d4 Nf6 2. c4 e6 3. Nf3 Bb4+ 4. Bd2 Qe7 5. g3 Nc6 6. Nc3 0-0 7. Bg2 d6 8. 0-0 Bxc3 9. Bxc3 e5 10. d5 Nb8 11. c5 Nbd7 12. cxd6 cxd6 13. Nd2 b6 14. b4 Ba6 15. Re1 Rfc8 16. Bb2 e4 17. Nf1 Ne5 18. Ne3 Nc4 19. Nf5 Qd7 20. Nh6+ gxh6 21. Bxf6 Qf5 22. Qd4 Re8 23. Rac1 Rac8 24. Bh8 Qg6 25. Bh3 Ne5 26. Bxc8 Bxc8 27. Bxe5 dxe5 28. Qe3 Bb7 29. Red1 Rd8 30. Rc7 Bxd5 31. Rxa7 Qe6 32. a4 Rc8 33. Ra6 Rc6 34. b5 Rd6 35. a5 Bc4 36. Rc1 Qg4 37. Rxc4 1-0

[Event "Cape Town DSK op"]
[Site "Cape Town"]
[Date "2013.07.22"]
[Round "3"]
[White "Tischbierek, Raj"]
[Black "Arnold, Marc Tyler"]
[Result "1/2-1/2"]
[WhiteElo "2422"]
[BlackElo "2525"]
[PlyCount "44"]
[EventDate "2013.07.20"]
[EventType "swiss"]
[EventRounds "9"]
[EventCountry "RSA"]
[SourceTitle "CBM 155 Extra"]
[Source "ChessBase"]
[SourceDate "2013.08.26"]
[SourceVersion "1"]
[SourceVersionDate "2013.08.26"]
[SourceQuality "1"]

1. g3 d5 2. Bg2 c6 3. d3 Bf5 4. Nd2 e6 5. e4 Bg6 6. Ne2 Nf6 7. Nf4 Nbd7 8. 0-0 Bd6 9. Nxg6 hxg6 10. Qe2 0-0 11. Nf3 Qc7 12. b3 Rfe8 13. Bb2 e5 14. Nd2 Nc5 15. Rfe1 Rad8 16. a4 Ne6 17. Nf3 dxe4 18. dxe4 Nd7 19. Red1 Nec5 20. Nd2 Ne6 21. Nf3 Be7 22. Bh3 Bf6 1/2-1/2

[Event "Cape Town DSK op"]
[Site "Cape Town"]
[Date "2013.07.21"]
[Round "2"]
[White "Arnold, Marc Tyler"]
[Black "Cawdery, Daniel"]
[Result "1-0"]
[WhiteElo "2525"]
[BlackElo "2345"]
[PlyCount "55"]
[EventDate "2013.07.20"]
[EventType "swiss"]
[EventRounds "9"]
[EventCountry "RSA"]
[SourceTitle "CBM 155 Extra"]
[Source "ChessBase"]
[SourceDate "2013.08.26"]
[SourceVersion "1"]
[SourceVersionDate "2013.08.26"]
[SourceQuality "1"]

1. e4 c5 2. Nf3 Nc6 3. Bb5 g6 4. c3 Bg7 5. 0-0 Nf6 6. Re1 0-0 7. h3 d5 8. e5 Ne8 9. d4 cxd4 10. cxd4 Nc7 11. Bf1 Ne6 12. b3 f6 13. Nc3 fxe5 14. dxe5 Nc7 15. Bb2 Be6 16. Qe2 Qe8 17. Rad1 Rd8 18. Qe3 h6 19. Ne2 g5 20. Nfd4 Nxd4 21. Nxd4 Qd7 22. Rc1 Rc8 23. Bd3 a6 24. Bb1 Rf7 25. Qd3 Nb5 26. Qh7+ Kf8 27. Nxe6+ Qxe6 28. Qg6 1-0

[Event "Los Angeles Metropolitan 21st"]
[Site "Los Angeles"]
[Date "2012.08.07"]
[Round "8"]
[White "Arnold, Marc Tyler"]
[Black "Yankovsky, Roman"]
[Result "1/2-1/2"]
[WhiteElo "2540"]
[BlackElo "2468"]
[PlyCount "67"]
[EventDate "2012.08.03"]
[EventType "tourn"]
[EventRounds "9"]
[EventCountry "USA"]
[EventCategory "10"]
[SourceTitle "EXT 2013"]
[Source "ChessBase"]
[SourceDate "2012.11.22"]
[SourceVersion "1"]
[SourceVersionDate "2012.11.22"]
[SourceQuality "1"]

1. d4 Nf6 2. Nf3 g6 3. c4 Bg7 4. Nc3 d5 5. cxd5 Nxd5 6. e4 Nxc3 7. bxc3 c5 8. Rb1 0-0 9. Be2 cxd4 10. cxd4 Qa5+ 11. Bd2 Qxa2 12. 0-0 Bg4 13. Bg5 h6 14. Bh4 g5 15. Bg3 Nc6 16. d5 Rad8 17. Rxb7 Bxf3 18. Bxf3 e6 19. Qe2 Qxe2 20. Bxe2 Nd4 21. Bc4 a5 22. Rd1 a4 23. Kf1 a3 24. Ba2 exd5 25. exd5 Nf5 26. Bc7 Rd7 27. d6 Rc8 28. Rb3 Bf8 29. Rbd3 Nxd6 30. Bxd6 Rxd6 31. Rxd6 Bxd6 32. Rxd6 Rc2 33. Bb3 a2 34. Bxa2 1/2-1/2

[Event "Los Angeles Metropolitan 21st"]
[Site "Los Angeles"]
[Date "2012.08.05"]
[Round "4"]
[White "Arnold, Marc Tyler"]
[Black "Khachiyan, Melikset"]
[Result "1/2-1/2"]
[WhiteElo "2540"]
[BlackElo "2478"]
[PlyCount "39"]
[EventDate "2012.08.03"]
[EventType "tourn"]
[EventRounds "9"]
[EventCountry "USA"]
[EventCategory "10"]
[SourceTitle "EXT 2013"]
[Source "ChessBase"]
[SourceDate "2012.11.22"]
[SourceVersion "1"]
[SourceVersionDate "2012.11.22"]
[SourceQuality "1"]

1. d4 d5 2. c4 c6 3. Nf3 Nf6 4. e3 g6 5. Nc3 Bg7 6. Be2 0-0 7. 0-0 dxc4 8. Bxc4 Bg4 9. h3 Bxf3 10. Qxf3 Nbd7 11. Rd1 e5 12. Bb3 Qe7 13. Bd2 Rfd8 14. Rac1 Nb6 15. dxe5 Qxe5 16. Be1 a6 17. g3 Nbd7 18. Ne2 Nc5 19. Bc3 Qe4 20. Qxe4 1/2-1/2

[Event "Los Angeles Metropolitan 21st"]
[Site "Los Angeles"]
[Date "2012.08.04"]
[Round "3"]
[White "Matikozian, Andranik"]
[Black "Arnold, Marc Tyler"]
[Result "1/2-1/2"]
[WhiteElo "2400"]
[BlackElo "2540"]
[PlyCount "69"]
[EventDate "2012.08.03"]
[EventType "tourn"]
[EventRounds "9"]
[EventCountry "USA"]
[EventCategory "10"]
[SourceTitle "EXT 2013"]
[Source "ChessBase"]
[SourceDate "2012.11.22"]
[SourceVersion "1"]
[SourceVersionDate "2012.11.22"]
[SourceQuality "1"]

1. e4 c5 2. Nf3 Nc6 3. Nc3 g6 4. d4 cxd4 5. Nxd4 Bg7 6. Be3 Nf6 7. f3 0-0 8. Qd2 d5 9. 0-0-0 dxe4 10. Nxc6 Qxd2+ 11. Bxd2 bxc6 12. Nxe4 Nxe4 13. fxe4 Bg4 14. Re1 Be6 15. b3 a5 16. a4 c5 17. e5 Rfd8 18. Bb5 Rdc8 19. Kb2 c4 20. Bc3 cxb3 21. cxb3 Rc5 22. Re3 Rac8 23. Rhe1 Bh6 24. Rd3 Bf5 25. Rf3 Bd2 26. Bxd2 Rc2+ 27. Ka3 Rxd2 28. Re2 Rcc2 29. Rxd2 Rxd2 30. b4 axb4+ 31. Kxb4 Rxg2 32. a5 Rxh2 33. a6 Be4 34. Re3 Bh1 35. a7 1/2-1/2

[Event "USA-chB U20"]
[Site "Saint Louis"]
[Date "2012.07.13"]
[Round "6"]
[White "Arnold, Marc Tyler"]
[Black "Rosen, Eric S"]
[Result "1-0"]
[WhiteElo "2529"]
[BlackElo "2328"]
[PlyCount "55"]
[EventDate "2012.07.11"]
[EventType "tourn"]
[EventRounds "7"]
[EventCountry "USA"]
[SourceTitle "CBM 149 Extra"]
[Source "ChessBase"]
[SourceDate "2012.08.24"]
[SourceVersion "1"]
[SourceVersionDate "2012.08.24"]
[SourceQuality "1"]

1. d4 d5 2. c4 e6 3. Nf3 Nf6 4. e3 a6 5. Nbd2 c5 6. b3 cxd4 7. Nxd4 Nc6 8. Bb2 Bd6 9. cxd5 Nxd4 10. Bxd4 e5 11. Bb2 Nxd5 12. a3 Bc7 13. Nc4 f6 14. Qh5+ g6 15. Qf3 b5 16. 0-0-0 Bb7 17. e4 bxc4 18. Bxc4 Qe7 19. Bxd5 Bxd5 20. Rxd5 0-0 21. Rhd1 Bb6 22. Rd7 Qc5+ 23. Kb1 Rad8 24. Qh3 Rxd7 25. Rxd7 h5 26. Qe6+ Kh8 27. Rb7 Bc7 28. Qd7 1-0

[Event "World op 40th"]
[Site "Philadelphia"]
[Date "2012.07.08"]
[Round "8"]
[White "Arnold, Marc Tyler"]
[Black "Hess, Robert L"]
[Result "1-0"]
[WhiteElo "2529"]
[BlackElo "2639"]
[PlyCount "173"]
[EventDate "2012.07.03"]
[EventType "swiss"]
[EventRounds "9"]
[EventCountry "USA"]
[SourceTitle "CBM 149 Extra"]
[Source "ChessBase"]
[SourceDate "2012.08.24"]
[SourceVersion "1"]
[SourceVersionDate "2012.08.24"]
[SourceQuality "1"]

1. d4 d5 2. c4 e6 3. Nf3 Nf6 4. Nc3 Be7 5. Bf4 0-0 6. e3 Nbd7 7. c5 Nh5 8. Bd3 Nxf4 9. exf4 c6 10. Qc2 h6 11. 0-0 Qc7 12. g3 b6 13. b4 a5 14. a3 Bb7 15. Rab1 axb4 16. axb4 Ra3 17. Rfe1 bxc5 18. bxc5 Rfa8 19. Rb4 Bc8 20. Reb1 Qa7 21. Kg2 Bd8 22. R1b3 Rxb3 23. Qxb3 Qa3 24. Ne5 Qxb3 25. Rxb3 Nxe5 26. fxe5 Kf8 27. f4 Ke8 28. Ne2 Ra4 29. Kf3 Kd7 30. Ke3 Ba5 31. Ng1 g5 32. Ne2 Ra2 33. f5 exf5 34. Bxf5+ Kc7 35. Bxc8 Kxc8 36. g4 Ra1 37. Ng3 Ra2 38. Nf5 Bc7 39. Nd6+ Bxd6 40. exd6 Rxh2 41. Rb6 Kd7 42. Rb7+ Kd8 43. Rxf7 Rg2 44. Rc7 Rxg4 45. Rxc6 Re4+ 46. Kd3 Re6 47. Ra6 g4 48. Ra8+ Kd7 49. Rg8 h5 50. Rg7+ Kd8 51. Rh7 g3 52. Rxh5 Rg6 53. Rh1 g2 54. Rg1 Rg3+ 55. Ke2 Rg4 56. Kf3 Rxd4 57. Rxg2 Rc4 58. Rg8+ Kd7 59. Rg7+ Kd8 60. Rc7 Re4 61. c6 Rc4 62. Rd7+ Kc8 63. Rc7+ Kd8 64. Ke3 Re4+ 65. Kd2 Rd4+ 66. Kc3 Rh4 67. Kc2 Rg4 68. Kb2 Rg6 69. Rd7+ Kc8 70. Kb3 d4 71. Kc4 d3 72. Kxd3 Rg1 73. Rc7+ Kd8 74. Rd7+ Kc8 75. Kd4 Rd1+ 76. Ke5 Re1+ 77. Kd5 Rd1+ 78. Ke6 Re1+ 79. Kf7 Rc1 80. Rc7+ Kd8 81. Ke6 Re1+ 82. Kd5 Rd1+ 83. Kc5 Rc1+ 84. Kb6 Rb1+ 85. Ka7 Rd1 86. Rh7 Rxd6 87. Kb7 1-0

[Event "World op 40th"]
[Site "Philadelphia"]
[Date "2012.07.06"]
[Round "4"]
[White "Arnold, Marc Tyler"]
[Black "Flom, Gabriel"]
[Result "1-0"]
[WhiteElo "2529"]
[BlackElo "2419"]
[PlyCount "107"]
[EventDate "2012.07.03"]
[EventType "swiss"]
[EventRounds "9"]
[EventCountry "USA"]
[SourceTitle "CBM 149 Extra"]
[Source "ChessBase"]
[SourceDate "2012.08.24"]
[SourceVersion "1"]
[SourceVersionDate "2012.08.24"]
[SourceQuality "1"]

1. Nf3 Nf6 2. c4 e6 3. Nc3 c5 4. e3 g6 5. d4 Bg7 6. Be2 0-0 7. 0-0 d6 8. e4 cxd4 9. Nxd4 a6 10. Be3 Qc7 11. Qd2 b6 12. Rfd1 Bb7 13. f3 Nbd7 14. Nb3 Ne8 15. Qe1 f5 16. Nd4 Bxd4 17. Rxd4 f4 18. Bf2 Ne5 19. Kh1 g5 20. b4 g4 21. Rc1 Qg7 22. Na4 g3 23. hxg3 fxg3 24. Bxg3 Nxf3 25. gxf3 Qxd4 26. Qg1 Qxg1+ 27. Rxg1 Kf7 28. Nxb6 Rd8 29. Rd1 Rg8 30. Kg2 Nf6 31. Kf2 Bxe4 32. Rxd6 Rxd6 33. Bxd6 h5 34. Bg3 Bb7 35. a4 e5 36. c5 e4 37. Bc4+ Ke8 38. Bxg8 Nxg8 39. b5 axb5 40. axb5 Ne7 41. Nc4 Bd5 42. Nd6+ Kd7 43. fxe4 Bb3 44. Ke3 h4 45. Bxh4 Nc8 46. Nxc8 Kxc8 47. Kd4 Kb7 48. Kc3 Ba4 49. Kb4 Bc2 50. c6+ Kb6 51. Bf2+ Kc7 52. Kc5 Bxe4 53. Bg3+ Kc8 54. b6 1-0

[Event "World op 40th"]
[Site "Philadelphia"]
[Date "2012.07.06"]
[Round "5"]
[White "Hungaski, Robert Andrew"]
[Black "Arnold, Marc Tyler"]
[Result "0-1"]
[WhiteElo "2488"]
[BlackElo "2529"]
[PlyCount "92"]
[EventDate "2012.07.03"]
[EventType "swiss"]
[EventRounds "9"]
[EventCountry "USA"]
[SourceTitle "CBM 149 Extra"]
[Source "ChessBase"]
[SourceDate "2012.08.24"]
[SourceVersion "1"]
[SourceVersionDate "2012.08.24"]
[SourceQuality "1"]

1. c4 Nf6 2. Nc3 e5 3. g3 Nc6 4. Bg2 Bc5 5. Nf3 d6 6. 0-0 0-0 7. d3 h6 8. a3 a6 9. b4 Ba7 10. Bb2 Bg4 11. e3 Qd7 12. Qc2 Rac8 13. Rfe1 Nd8 14. Nd2 Bh3 15. Nd5 Nxd5 16. cxd5 Bxg2 17. Kxg2 f6 18. Rac1 Nf7 19. h4 f5 20. d4 e4 21. f4 Nh8 22. g4 Ng6 23. h5 Ne7 24. gxf5 Nxf5 25. Kf2 Qe7 26. Rh1 Nxd4 27. Qxe4 Nf5 28. Qxe7 Nxe7 29. Rhg1 Rxf4+ 30. Ke2 Rf7 31. Ne4 Nf5 32. Rcf1 Bxe3 33. Rg4 Bd4 34. Bc1 Be5 35. Kd3 Rcf8 36. Rfg1 Kh7 37. Bd2 Nd4 38. Be3 Nf5 39. Bd2 Ne7 40. Nc3 Rf3+ 41. Kc2 Rh3 42. Rc4 Rc8 43. b5 axb5 44. Nxb5 Nxd5 45. Rf1 c6 46. Nd4 Rh4 0-1

[Event "World op 40th"]
[Site "Philadelphia"]
[Date "2012.07.03"]
[Round "2"]
[White "Arnold, Marc Tyler"]
[Black "Karavade, Eesha"]
[Result "1/2-1/2"]
[WhiteElo "2529"]
[BlackElo "2343"]
[PlyCount "116"]
[EventDate "2012.07.03"]
[EventType "swiss"]
[EventRounds "9"]
[EventCountry "USA"]
[SourceTitle "CBM 149 Extra"]
[Source "ChessBase"]
[SourceDate "2012.08.24"]
[SourceVersion "1"]
[SourceVersionDate "2012.08.24"]
[SourceQuality "1"]

1. d4 e6 2. Nf3 Nf6 3. c4 b6 4. Nc3 Bb4 5. Bg5 h6 6. Bh4 Bb7 7. Qc2 g5 8. Bg3 Ne4 9. Nd2 Bxc3 10. bxc3 f5 11. e3 d6 12. Nxe4 Bxe4 13. Qd1 Qf6 14. f3 Bb7 15. Qb3 Nd7 16. c5 f4 17. Bf2 fxe3 18. Bxe3 dxc5 19. Bb5 0-0-0 20. 0-0 Qf5 21. Bxd7+ Rxd7 22. dxc5 Qd5 23. Rfd1 Qxb3 24. axb3 Rxd1+ 25. Rxd1 Rd8 26. Rxd8+ Kxd8 27. h4 gxh4 28. Kh2 b5 29. b4 e5 30. Bxh6 Kd7 31. Kh3 Ke6 32. Kxh4 Kf5 33. Bg5 Kg6 34. Bd8 e4 35. f4 e3 36. Bxc7 Bxg2 37. Kg3 Bd5 38. Be5 Kf5 39. Bd4 e2 40. Bf2 a6 41. Be1 Bc6 42. Bd2 Bd5 43. Kf2 Ke4 44. Kxe2 Bc6 45. Kf2 Bd5 46. Kg3 Kf5 47. Kh4 Bf3 48. Be3 Kg6 49. Bd4 Kf5 50. Be5 Kg6 51. Kg3 Bc6 52. Kg4 Bd7+ 53. Kf3 Bc6+ 54. Kg3 Kf5 55. Bc7 Bd5 56. Kh4 Bf3 57. Bb8 Kg6 58. Kg3 Bc6 1/2-1/2

[Event "Saint Louis 2nd"]
[Site "Saint Louis"]
[Date "2012.04.13"]
[Round "8"]
[White "Yang, Darwin"]
[Black "Arnold, Marc Tyler"]
[Result "1/2-1/2"]
[WhiteElo "2448"]
[BlackElo "2502"]
[PlyCount "66"]
[EventDate "2012.04.09"]
[EventType "tourn"]
[EventRounds "9"]
[EventCountry "USA"]
[EventCategory "10"]
[SourceTitle "CBM 147 Extra"]
[Source "ChessBase"]
[SourceDate "2012.04.24"]
[SourceVersion "1"]
[SourceVersionDate "2012.04.24"]
[SourceQuality "1"]

1. d4 Nf6 2. c4 e6 3. Nc3 Bb4 4. e3 d5 5. Nge2 dxc4 6. Qa4+ Nc6 7. a3 Be7 8. Qxc4 0-0 9. b4 e5 10. d5 Nb8 11. e4 c6 12. Ng3 b5 13. Qb3 a5 14. Rb1 Na6 15. dxc6 Be6 16. Qb2 axb4 17. axb4 Nxb4 18. Bxb5 Ba2 19. Ra1 Bc4 20. Bxc4 Rxa1 21. 0-0 Ra8 22. Nf5 Nxc6 23. Nd5 Ba3 24. Qb5 Bxc1 25. Qxc6 Bg5 26. h4 Bxh4 27. Rd1 Kh8 28. Nde3 Qc8 29. Qxc8 Raxc8 30. Nxh4 Nxe4 31. Rd7 Ng5 32. Nhf5 Rcd8 33. Re7 Rde8 1/2-1/2

[Event "Saint Louis 2nd"]
[Site "Saint Louis"]
[Date "2012.04.11"]
[Round "5"]
[White "Finegold, Benjamin"]
[Black "Arnold, Marc Tyler"]
[Result "0-1"]
[WhiteElo "2505"]
[BlackElo "2502"]
[PlyCount "62"]
[EventDate "2012.04.09"]
[EventType "tourn"]
[EventRounds "9"]
[EventCountry "USA"]
[EventCategory "10"]
[SourceTitle "CBM 147 Extra"]
[Source "ChessBase"]
[SourceDate "2012.04.24"]
[SourceVersion "1"]
[SourceVersionDate "2012.04.24"]
[SourceQuality "1"]

1. e4 c5 2. Nf3 e6 3. c3 Nf6 4. e5 Nd5 5. d4 cxd4 6. cxd4 d6 7. Bc4 Nb6 8. Bd3 dxe5 9. Nxe5 Nc6 10. Nxc6 bxc6 11. Be3 Be7 12. Nd2 Nd5 13. Ne4 Rb8 14. Qc1 Qa5+ 15. Bd2 Qa4 16. Bc3 Nb4 17. Bb1 Ba6 18. Qd1 Qxd1+ 19. Kxd1 0-0 20. a3 Nd5 21. Kc2 Rfd8 22. g3 Nf6 23. Nxf6+ Bxf6 24. Rd1 Be2 25. Rd2 Bf3 26. h4 g5 27. Kd3 g4 28. b4 e5 29. Kc4 Bd5+ 30. Kd3 exd4 31. Bxd4 Bg2 0-1

[Event "Saint Louis 2nd"]
[Site "Saint Louis"]
[Date "2012.04.10"]
[Round "2"]
[White "Arnold, Marc Tyler"]
[Black "Moradiabadi, Elshan"]
[Result "1/2-1/2"]
[WhiteElo "2502"]
[BlackElo "2542"]
[PlyCount "79"]
[EventDate "2012.04.09"]
[EventType "tourn"]
[EventRounds "9"]
[EventCountry "USA"]
[EventCategory "10"]
[SourceTitle "CBM 147 Extra"]
[Source "ChessBase"]
[SourceDate "2012.04.24"]
[SourceVersion "1"]
[SourceVersionDate "2012.04.24"]
[SourceQuality "1"]

1. d4 d5 2. c4 e6 3. Nf3 Nf6 4. e3 Bb4+ 5. Nbd2 0-0 6. a3 Be7 7. Bd3 Nbd7 8. 0-0 c5 9. b3 b6 10. Bb2 Bb7 11. Qe2 Rc8 12. Rfd1 Qc7 13. Rac1 Qb8 14. cxd5 Nxd5 15. Ne5 N7f6 16. dxc5 Rxc5 17. Rxc5 bxc5 18. g4 Qc7 19. g5 Ne8 20. Qh5 f5 21. gxf6 Nexf6 22. Qh3 Bc8 23. Ne4 Nxe4 24. Bxe4 Nf6 25. Bd3 Bd8 26. Bc4 Re8 27. Bb5 Rf8 28. Nd7 Bxd7 29. Bxd7 Nxd7 30. Qxe6+ Rf7 31. Qe8+ Nf8 32. Qxd8 Qc6 33. Qd5 Qg6+ 34. Kf1 Ne6 35. Be5 h5 36. f4 h4 37. Qg2 Qf5 38. Ke1 h3 39. Qg3 Rb7 40. Kf1 1/2-1/2

[Event "Saint Louis 2nd"]
[Site "Saint Louis"]
[Date "2012.04.10"]
[Round "3"]
[White "Young, Angelo"]
[Black "Arnold, Marc Tyler"]
[Result "0-1"]
[WhiteElo "2321"]
[BlackElo "2502"]
[PlyCount "136"]
[EventDate "2012.04.09"]
[EventType "tourn"]
[EventRounds "9"]
[EventCountry "USA"]
[EventCategory "10"]
[SourceTitle "CBM 147 Extra"]
[Source "ChessBase"]
[SourceDate "2012.04.24"]
[SourceVersion "1"]
[SourceVersionDate "2012.04.24"]
[SourceQuality "1"]

1. Nf3 Nf6 2. g3 d5 3. Bg2 e6 4. 0-0 Be7 5. c4 0-0 6. d3 c5 7. cxd5 exd5 8. d4 c4 9. b3 cxb3 10. Qxb3 Nc6 11. Bg5 Na5 12. Qd3 g6 13. Bxf6 Bxf6 14. Nc3 Bf5 15. Qb5 Be6 16. e3 a6 17. Qe2 Rc8 18. Rac1 b5 19. Nd2 Nc4 20. Nb3 Be7 21. e4 Ba3 22. Rb1 dxe4 23. Nxe4 Nd6 24. Nxd6 Qxd6 25. Rfd1 Rfe8 26. Qd2 Bf5 27. Ra1 Rc2 28. Qh6 Qf8 29. Qxf8+ Kxf8 30. Bb7 Bb2 31. Rab1 Rce2 32. Kg2 Bxb1 33. Rxb1 Bc3 34. Bxa6 Rxa2 35. Bxb5 Re1 36. Rc1 Rxc1 37. Nxc1 Rd2 38. Ne2 Bxd4 39. f4 Ke7 40. Kf3 Bb6 41. h3 Ra2 42. Kg2 Kd6 43. Bc4 Rc2 44. Ba6 Kc5 45. g4 Ra2 46. Bd3 Ra3 47. Be4 Re3 48. Bf3 Kc4 49. f5 gxf5 50. gxf5 f6 51. Nf4 Kd4 52. Nh5 Ke5 53. Bg4 Ra3 54. Ng7 Bc7 55. Nh5 Bb8 56. Kf2 Ba7+ 57. Kg2 Ra2+ 58. Kf3 Bd4 59. Ng7 Ra3+ 60. Kg2 Ke4 61. Nh5 Be5 62. Kf2 Ra2+ 63. Kg1 Bd4+ 64. Kh1 Rb2 65. Ng7 Ke3 66. Kg1 Kf4+ 67. Kh1 Kg3 68. Nh5+ Kf2 0-1

[Event "Calvi Balagne 1st"]
[Site "Calvi"]
[Date "2012.04.07"]
[Round "9"]
[White "Terrieux, Kevin"]
[Black "Arnold, Marc Tyler"]
[Result "0-1"]
[WhiteElo "2395"]
[BlackElo "2502"]
[PlyCount "52"]
[EventDate "2012.04.02"]
[EventType "tourn"]
[EventRounds "9"]
[EventCountry "FRA"]
[EventCategory "8"]
[SourceTitle "CBM 147 Extra"]
[Source "ChessBase"]
[SourceDate "2012.04.24"]
[SourceVersion "1"]
[SourceVersionDate "2012.04.24"]
[SourceQuality "1"]

1. d4 Nf6 2. c4 e6 3. Nc3 Bb4 4. Qc2 d6 5. e4 c5 6. a3 Bxc3+ 7. bxc3 Nc6 8. Nf3 e5 9. d5 Ne7 10. Be2 0-0 11. 0-0 Ng6 12. Ne1 Ne8 13. Bd3 Bd7 14. g3 Qc8 15. Ng2 Bh3 16. f3 f5 17. exf5 Bxf5 18. f4 Bxd3 19. Qxd3 Nf6 20. fxe5 Nxe5 21. Qe2 Qg4 22. Qxg4 Nfxg4 23. Bf4 Nxc4 24. h3 Nf6 25. Rfd1 Rae8 26. a4 Ne4 0-1

[Event "Reykjavik op"]
[Site "Reykjavik"]
[Date "2012.03.13"]
[Round "9"]
[White "Arnold, Marc Tyler"]
[Black "Michalczak, Thomas"]
[Result "1-0"]
[WhiteElo "2502"]
[BlackElo "2326"]
[PlyCount "99"]
[EventDate "2012.03.06"]
[EventType "swiss"]
[EventRounds "9"]
[EventCountry "ISL"]
[SourceTitle "CBM 147 Extra"]
[Source "ChessBase"]
[SourceDate "2012.04.24"]
[SourceVersion "1"]
[SourceVersionDate "2012.04.24"]
[SourceQuality "1"]

1. c4 e6 2. g3 d5 3. Bg2 Nf6 4. Nf3 Be7 5. 0-0 0-0 6. b3 b6 7. Bb2 Bb7 8. d4 Ne4 9. Nfd2 Nxd2 10. Nxd2 Nd7 11. e4 dxc4 12. Nxc4 c5 13. Qe2 cxd4 14. Bxd4 Bc5 15. Rfd1 Qe7 16. Bxc5 Nxc5 17. Nd6 e5 18. Nf5 Qf6 19. b4 Ne6 20. Qb5 Rfd8 21. Rd7 Nd4 22. Nxd4 a6 23. Qa4 b5 24. Rxd8+ Qxd8 25. Nxb5 Bc6 26. Qc2 Bxb5 27. Rd1 Qe7 28. Qc3 Rd8 29. Rxd8+ Qxd8 30. Bf1 f6 31. Bc4+ Kh8 32. Bxb5 axb5 33. Qc6 Qb8 34. a4 bxa4 35. Qxa4 h5 36. h3 Qc8 37. b5 Qb7 38. Qc4 Qa7 39. Qc6 h4 40. b6 Qa6 41. gxh4 Kh7 42. h5 Qd3 43. b7 Qb1+ 44. Kh2 Qb3 45. Qc8 Qb2 46. Kg2 Qb4 47. b8Q Qxe4+ 48. Kh2 Qf4+ 49. Kg1 Qg5+ 50. Kf1 1-0

[Event "Reykjavik op"]
[Site "Reykjavik"]
[Date "2012.03.08"]
[Round "3"]
[White "Arnold, Marc Tyler"]
[Black "Einarsson, Halldor Gretar"]
[Result "1-0"]
[WhiteElo "2502"]
[BlackElo "2239"]
[PlyCount "49"]
[EventDate "2012.03.06"]
[EventType "swiss"]
[EventRounds "9"]
[EventCountry "ISL"]
[SourceTitle "CBM 147 Extra"]
[Source "ChessBase"]
[SourceDate "2012.04.24"]
[SourceVersion "1"]
[SourceVersionDate "2012.04.24"]
[SourceQuality "1"]

1. Nf3 f5 2. g3 Nf6 3. Bg2 g6 4. b3 Bg7 5. Bb2 d6 6. d4 0-0 7. c4 c6 8. Nc3 Qc7 9. 0-0 Ng4 10. d5 Nd7 11. Nd4 Nb8 12. Qd2 e5 13. dxe6 Na6 14. e4 Nc5 15. exf5 gxf5 16. Rfe1 Ne5 17. Re3 f4 18. gxf4 Rxf4 19. Nce2 Rf6 20. f4 Ng4 21. Rg3 Nxe6 22. Rxg4 Nxd4 23. Rxg7+ Qxg7 24. Bxd4 Bh3 25. Ng3 1-0

[Event "USA-chT Amateur East"]
[Site "Parsippany"]
[Date "2012.02.19"]
[Round "4"]
[White "Kane, Jeremy"]
[Black "Arnold, Marc Tyler"]
[Result "1/2-1/2"]
[WhiteElo "2185"]
[BlackElo "2482"]
[PlyCount "72"]
[EventDate "2012.02.18"]
[EventType "team-swiss"]
[EventRounds "6"]
[EventCountry "USA"]
[SourceTitle "CBM 147 Extra"]
[Source "ChessBase"]
[SourceDate "2012.04.24"]
[SourceVersion "1"]
[SourceVersionDate "2012.04.24"]
[SourceQuality "1"]

1. d4 Nf6 2. c4 e6 3. Nc3 Bb4 4. Nf3 b6 5. Bg5 h6 6. Bh4 Bb7 7. e3 g5 8. Bg3 d6 9. Qc2 Nbd7 10. Bd3 Qe7 11. 0-0 Bxc3 12. bxc3 0-0-0 13. e4 Nh5 14. a4 a5 15. Nd2 e5 16. Rab1 Nf4 17. Bxf4 gxf4 18. f3 Bc6 19. c5 dxc5 20. Ba6+ Bb7 21. Bxb7+ Kxb7 22. d5 Ra8 23. Nc4 Rhg8 24. Qd3 Rg6 25. d6 Qe6 26. Rf2 cxd6 27. Nxb6 Nxb6 28. Rfb2 Kc7 29. Rxb6 Kd7 30. Rb7+ Ke8 31. Rb8+ Rxb8 32. Rxb8+ Ke7 33. Qb5 Kf6 34. Qxa5 Kg5 35. Qd8+ Kh5 36. Qc8 Qa2 1/2-1/2